000 00994nam2a2200241 4500
001 RU\NLR\BIBL_A\022379579
005 20241210135850.0
010 _a978-5-17-164348-5
_95000
021 _aRU
_bКН-П-24-058834
_9КН-П-24-5852
035 _a(NLR Aleph) 022379579
090 _a13274989
_c13274989
100 _a20241112d2024 u y0rusy50 ca
101 0 _arus
102 _aRU
105 _aa z 000ay
200 0 _aТ. 2
210 _d2024
215 _a478 с., [4] л. цв. ил.
_cил.
461 0 _1001RU\NLR\BIBL_A\022379575
_12001#$aПеснь алых кленов$fЛи Томоко$gхудожественное оформление Ольги Зиминой$vТ. 2
_1700#0$aЛи Томоко$cпсевдоним$3RU\NLR\AUTH\770263348
_913555521
_aЛи Томоко (псевдоним)
_cМосква
_d2024 -
_fЛи Томоко
_nАСТ
_tПеснь алых кленов
_vТ. 2
942 _cBOOK
980 _aNB